00958nam a2200229 a 4500001001000000003000500010005001700015008004100032010001100073011001100084040000900095100004000104245015600144260004100300500006000341502012500401650003700526650003700563650002700600650003100627856007000658000115804CHAP20220329144549.0190708s2018 mx a sm |||||||spa d a112265 a113237 cCHAP1 aSánchez Montalbán, Juan Carlos.10aCrecimiento y rendimiento de uchuva (Physalis peruviana L.) bajo diferente presión osmótica /h[En línea]cpor Juan Carlos Sánchez Montalbán. aChapingo, Méx. :bEl autor,c2018. aPara ver el contenido del material haga clic en la liga aTesis (Ing. Agr. Fitotecnista) -- Colegio Superior Agropecuario del Estado de Guerrero. Centro de Estudios Profesionales14aPhysalis peruvianaxCrecimiento.14aPhysalis peruvianaxRendimiento.14aSoluciones nutritivas.14aSombraxEfecto en plantas. aFinding aiduhttp://10.13.5.2/tesis/sist115804.pdfzTeclea aquí